Race and class in rural Brazil

Uloženo v:
Podrobná bibliografie
Hlavní autor: Wagley, Charles (Autor)
Médium: Kniha
Jazyk:angličtina
Vydáno: París UNESCO 1963
Vydání:2a. ed
Edice:Race and Society
Témata:
Tagy: Přidat tag
Žádné tagy, Buďte první, kdo vytvoří štítek k tomuto záznamu!

MARC

LEADER 00000nam a2200000 a 4500
001 UCT7025
003 CL-VaPUC
008 970116e19630000FR |||||||||||||||||eng|d
082 0 4 |a 305.8  |b WAG  |2 21 
100 0 |a Wagley, Charles  |e author  |9 377581 
245 1 0 |a Race and class in rural Brazil 
250 |a 2a. ed 
300 |a 158 p 
942 |c BK 
945 |d 19970116 00:00:00  |a paguirre 
260 |a París  |b UNESCO  |c 1963 
650 0 |a Racismo  |9 255805 
650 0 |a Clases sociales  |9 256858 
650 0 |a Problemas sociales  |9 258537 
650 0 |a Clase obrera  |9 317035 
650 7 |a ESTRUCTURA SOCIAL  |2 CL-VaPUC  |9 377582 
650 0 |a Zonas rurales  |9 317366 
651 0 |a Brasil  |9 267393 
583 |a last modification  |c 19970116 00:00:00  |k Rodrigo Vera 
490 0 |a Race and Society 
999 |c 255688  |d 255686 
952 |0 0  |1 0  |4 0  |6 305_800000000000000_WAG_1963  |7 0  |8 P  |9 278059  |a BIBDER  |b BIBDER  |d 2019-11-19  |i 1805371  |o 305.8 WAG 1963  |p 1805371  |r 2023-01-25  |w 2019-11-19  |y BK  |k DER